El carrito trepador / (Registro nro. 7255)
[ vista simple ]
| 000 -LIDER | |
|---|---|
| fixed length control field | 00921nam a2200289 a 4500 |
| 001 - NÚMERO DE CONTROL | |
| Identificador de número de control | 000044366 |
| 003 - IDENTIFICACDOR DE NÚMERO DE CONTROL | |
| control field | DO-SdBNP |
| 005 - DATE AND TIME OF LATEST TRANSACTION | |
| control field | 20230502102757.0 |
| 007 - CAMPOS FIJOS DE DESCRIPCIÓN FÍSICA | |
| fixed length control field | 000044366 |
| 008 - ELEMENTOS DE LONGITUD FIJA | |
| fixed length control field | 140612s2010 dr a 000 0 spa d |
| 020 ## - ISBN | |
| International Standard Book Number | 9993484105 |
| 040 ## - FUENTE DE CATALOGACIÓN | |
| Agencia que crea de manera original el registro | BPMSU |
| Idioma de catalogación | spa |
| Agencia que realiza la transcripción | BPMSU |
| 082 #4 - NÚMERO DE CLASIFICACIÓN DECIMAL DE DEWEY | |
| Classification number | RD863.44 |
| Item number | L937c 2010 |
| Edition number | 22 |
| 100 1# - ASIENTO PRINCIPAL -- NOMBRE PERSONAL | |
| Nombre personal | Luciano, Margarita |
| 245 13 - MENCIÓN DE TITULO | |
| Título | El carrito trepador / |
| Mención de responsabilidad | Margarita Luciano; ilustraciones Kilia Llano. |
| 260 ## - PUBLICACIÓN, DISTRIBUCIÓN, ETC. (PIE DE IMPRENTA) | |
| Lugar de publicación, distribución, etc | Santo Domingo : |
| Nombre del editor, distribuidor, etc. | Santillana, |
| Fecha de publicación, distribución, etc | 2010 |
| 300 ## - DESCRIPCIÓN FÍSICA | |
| Extensión | 40 p. : |
| Otros detalles físicos | ils. ; |
| Dimensiones | 19 cm. |
| 490 0# - MENCIÓN DE SERIES | |
| Mención de serie | Alfaguara infantil |
| 500 ## - NOTA GENERAL | |
| Nota general | Para niños a partir de los seis (6) años. |
| 500 ## - NOTA GENERAL | |
| Nota general | Incluye datos biográficos de la autora en la contracubierta |
| 590 ## - NOTA LOCAL | |
| Enlace | Inventariado, 2023/VM |
| 650 #4 - ENCABEZAMIENTO DE MATERIA--TEMÁTICO | |
| Término temático o nombre geográfico como elemento de entrada | Cuentos infantiles dominicanos |
| 650 #4 - ENCABEZAMIENTO DE MATERIA--TEMÁTICO | |
| Término temático o nombre geográfico como elemento de entrada | Literatura infantil cominicana |
| 700 1# - ASIENTO SECUNDARIO -- NOMBRE PERSONAL | |
| Nombre personal | Llano, Kilia |
| Mención de responsabilidad | ils. |
| 910 ## - VALIDACIÓN | |
| Validación | VMateo V. Control de calidad (BPMSU) |
| 942 ## - ADDED ENTRY ELEMENTS (KOHA) | |
| Source of classification or shelving scheme | Dewey Decimal Classification |
| Koha item type | Libros |
| Withdrawn status | Lost status | Source of classification or shelving scheme | Damaged status | Not for loan | Collection code | Home library | Current library | Date acquired | Source of acquisition | Full call number | Barcode | Date last seen | Copy number | Price effective from | Koha item type |
|---|---|---|---|---|---|---|---|---|---|---|---|---|---|---|---|
| Dewey Decimal Classification | Colección Infantil Dominicana | Biblioteca Pública Metropolitana Salomé Ureña | Biblioteca Pública Metropolitana Salomé Ureña | 01/28/2015 | Alfaguara | BPMSU CDI RD863.44 L937c 2001 | BPMSU15040824 | 01/28/2015 | 01/28/2015 | Libros | |||||
| Dewey Decimal Classification | Colección Infantil Dominicana | Biblioteca Pública Metropolitana Salomé Ureña | Biblioteca Pública Metropolitana Salomé Ureña | 01/28/2015 | Alfaguara | BPMSU CDI RD863.44 L937c 2001 | BPMSU15040825 | 01/28/2015 | e.2 | 01/28/2015 | Libros | ||||
| Dewey Decimal Classification | Colección Infantil Dominicana | Biblioteca Pública Metropolitana Salomé Ureña | Biblioteca Pública Metropolitana Salomé Ureña | 01/28/2015 | Donación | BPMSU CDI RD863.44 L937c 2001 | BPMSU15040826 | 01/28/2015 | e.3 | 01/28/2015 | Libros |